000 00516nam a22002057a 4500
003 BUBTL
008 160906b xxu||||| |||| 00| 0 eng d
082 _a512.52KHV
100 _9858
_aKhanna,M.L.
245 _aVector Analysis
250 _a21st
260 _aMeerut
_bJai Prakash Nath & Co.
_cc1996
300 _a[xx],315p.
_c21cm.
650 0 _9124
_aMathematics
700 _9859
_aKhanna,M.L.
760 _b21th
856 _k0
_l0
_yDownload
942 _2ddc
_cBK
999 _c5357
_d5357